00522nam a2200205Ia 4500003000900000008004100009040001300050040001300063041000800076100002100084245009500105250001200200260001200212260000900224300001100233300001000244490002600254490000600280600003000286IT-RoPAU120407s9999 xx 000 0 und d aIT-RoPAU cIT-RoPAU aita aGiovanni Gentile aLa religione, il modernismo e i rapporti tra religione e filosofia. Discorsi di religione. aFirenze aSansoni c1965 a467 p. c20 cm aBiblioteca Sansoni, 8 v1 a1. Religione e filosofia.